The Money Launderers (Record no. 22152)

MARC details
000 -LEADER
fixed length control field 00740nam a22002777a 4500
003 - CONTROL NUMBER IDENTIFIER
control field IBSLLIB
005 - DATE AND TIME OF LATEST TRANSACTION
control field 20260515100333.0
008 - FIXED-LENGTH DATA ELEMENTS--GENERAL INFORMATION
fixed length control field 260515b |||||||| |||| 00| 0 eng d
020 ## - INTERNATIONAL STANDARD BOOK NUMBER
International Standard Book Number 8174362592
040 ## - CATALOGING SOURCE
Original cataloging agency IBSLLIB
Language of cataloging English
041 ## - LANGUAGE CODE
Language code of original Eng
082 ## - DEWEY DECIMAL CLASSIFICATION NUMBER
Classification number 364.1
Item number BLU
100 ## - MAIN ENTRY--PERSONAL NAME
Personal name Blunden , Bob
245 ## - TITLE STATEMENT
Title The Money Launderers
260 ## - PUBLICATION, DISTRIBUTION, ETC. (IMPRINT)
Place of publication, distribution, etc. Delhi :
Name of publisher, distributor, etc. Roil Books Pvt ,
Date of publication, distribution, etc. 2001
300 ## - PHYSICAL DESCRIPTION
Extent 152 p ;
Dimensions 22 cm
505 ## - FORMATTED CONTENTS NOTE
Formatted contents note Evolution of money laundering laws
505 ## - FORMATTED CONTENTS NOTE
Formatted contents note Procedure for prevention
505 ## - FORMATTED CONTENTS NOTE
Formatted contents note Effect on financial centres
505 ## - FORMATTED CONTENTS NOTE
Formatted contents note indications and tell-tale signs
650 ## - SUBJECT ADDED ENTRY--TOPICAL TERM
Topical term or geographic name as entry element Social Science
650 ## - SUBJECT ADDED ENTRY--TOPICAL TERM
Topical term or geographic name as entry element Social Problem and Services
653 ## - INDEX TERM--UNCONTROLLED
Uncontrolled term Money
653 ## - INDEX TERM--UNCONTROLLED
Uncontrolled term Law
942 ## - ADDED ENTRY ELEMENTS (KOHA)
Koha item type Lending Book
Holdings
Withdrawn status Lost status Damaged status Not for loan Collection code Permanent Location Current Location Shelving location Date acquired Source of acquisition Inventory number Full call number Barcode Koha item type
        Lending Collection IBSL Library IBSL Library Lending Section 30/04/2026 Donation 10897 364.1 BLU 10897 Lending Book
Copyright © 2024 IBSL Library, All rights reserved.
mail to: library@ibsl.lk | Contact: 0112425735 | Library Address: IBSL Library, 80A, Elvitigala Mawatha, Colombo 008